Bush con : Tân tổng thống Hoa Kỳ,Maddick
Zapisane w:
| 1. autor: | |
|---|---|
| Format: | Książka |
| Język: | Undetermined |
| Wydane: |
H.
CTQG
2002
|
| Hasła przedmiotowe: | |
| Etykiety: |
Dodaj etykietę
Nie ma etykietki, Dołącz pierwszą etykiete!
|
| Thư viện lưu trữ: | Trung tâm Học liệu Trường Đại học Cần Thơ |
|---|
| LEADER | 00566nam a2200205Ia 4500 | ||
|---|---|---|---|
| 001 | CTU_54357 | ||
| 008 | 210402s9999 xx 000 0 und d | ||
| 020 | |b 29500 | ||
| 082 | |a 321.0092 | ||
| 082 | |b M179 | ||
| 100 | |a Maddick | ||
| 245 | 0 | |a Bush con : Tân tổng thống Hoa Kỳ,Maddick | |
| 245 | 0 | |c Dịch giả Phùng Thị Huệ và Hoàng Ngọc Bảo | |
| 260 | |a H. | ||
| 260 | |b CTQG | ||
| 260 | |c 2002 | ||
| 650 | |a presidents | ||
| 650 | |x biography | ||
| 650 | |z united states | ||
| 980 | |a Trung tâm Học liệu Trường Đại học Cần Thơ | ||